Bình giảng thơ Nôm Đường luật

Từ đặc điểm thể loại tới việc giảng văn thơ Nôm Đường luật (Phương pháp tiếp cận thơ Nôm Đường luật và thể nghiệm trong việc giảng các bài văn cụ thể)

Salvato in:
Dettagli Bibliografici
Autore principale: Lã Nhâm Thìn
Natura: Libro
Lingua:Vietnamese
Pubblicazione: H. Văn học 2002
Soggetti:
Tags: Aggiungi Tag
Nessun Tag, puoi essere il primo ad aggiungerne! !
Thư viện lưu trữ: Mạng thư viện Đại học Đà Nẵng
LEADER 01098nam a22003498a 4500
001 000004597
003 736
005 20110727150707.0
008 110727s2002 b 000 0 od
020 |c 10700đ  |d 2000b 
041 0 |a 0209 
041 0 |a tch 
041 0 |a vie 
080 |a 8(V)(07) 
084 |a V5(1)1-33z7  |b B312G 
100 1 |a Lã Nhâm Thìn 
245 1 0 |a Bình giảng thơ Nôm Đường luật  |c Lã Nhâm Thìn 
260 |a H.  |b Văn học  |c 2002 
300 |a 168tr  |c 21cm 
520 |a Từ đặc điểm thể loại tới việc giảng văn thơ Nôm Đường luật (Phương pháp tiếp cận thơ Nôm Đường luật và thể nghiệm trong việc giảng các bài văn cụ thể) 
653 |a Nghiên cứu văn học 
653 |a Sách đọc thêm 
653 |a Phương pháp giảng dạy 
653 |a Thơ Nôm Đường luật 
OWN |a LSP 
999 |a From the UDN01 
TYP |a Monograph 
TYP |a Printed language 
980 |a Mạng thư viện Đại học Đà Nẵng